000 00373nam a2200145Ia 4500
008 230711s9999||||xx |||||||||||||| ||und||
041 _aENG
082 _a692
_bGA-C
100 _aGaylord Edwin H
245 0 _aConcrete structure reference guide
250 _a1st
260 _c1988
_aNew York
_bTata McGraw Hill Education Limited
650 _aCivil Engineering
942 _cBK
999 _c991
_d991